Statistiques concernant Les 10 villes les + peuplées par E.

Cliquez ici pour prendre le quiz!

Statistiques générales

  • Ce quiz a été pris 88 fois
  • Le résultat moyen est 3 sur 10

Statistiques - réponses

RéponsesPop.Pays% Correct
N°8Édimbourg542 600R . . . . . . - . . i
70%
N°6Edmonton1 468 926C . . . . a
59%
N°4Erevan1 980 000A . . . . . e
55%
N°9Eindhoven361 000P . . . - . . s
45%
N°7Essen581,579A . . . . . . . e
29%
N°3El Paso2 518 242É . . . . - . . . s
21%
N°5Elche1 825 389E . . . . . e
11%
N°10Erfurt224 800A . . . . . . . e
7%
N°1eThekwini3 661 911A . . . . . . - . . - . . d
3%
N°2Ekurhuleni3 379 104A . . . . . . - . . - . . d
0%

Distribution des résultats

Percentile par nombre de réponses

% des personnes avec chaque résultat

Votre développement - résultats

Vous n’avez pas pris ce quiz